000 00249nam a2200121Ia 4500
008 090124s9999 xx 000 0 und d
082 _b77
245 _a क्ष
250 _a0
630 _a क्ष
730 _a क्ष
942 _cBOOK
999 _c106903
_d106903